[Event "Prague International Open"]
[Site "Prague CZE"]
[Date "2021.06.14"]
[Round "1.1"]
[White "Llopis de Aysa, Manuel"]
[Black "Plat, Vojtech"]
[Result "0-1"]
[WhiteTitle "CM"]
[BlackTitle "GM"]
[WhiteElo "2060"]
[BlackElo "2521"]
[WhiteFideId "2203162"]
[BlackFideId "325740"]
[EventDate "2021.06.14"]

1. d4 Nf6 2. Nf3 g6 3. c4 Bg7 4. Nc3 d5 5. Bg5 Ne4 6. Bf4 Nxc3 7. bxc3 c5 8.
cxd5 cxd4 9. cxd4 Qxd5 10. e3 Nc6 11. Be2 Qa5+ 12. Qd2 Qxd2+ 13. Kxd2 O-O 14.
Rhc1 Rd8 15. Ke1 Bf5 16. Nh4 Be4 17. f3 Bd5 18. e4 Nxd4 19. exd5 Nxe2 20. Kxe2
Bxa1 21. Rxa1 Rxd5 22. g4 g5 23. Nf5 Rxf5 24. gxf5 gxf4 25. Rc1 Kg7 26. Rc7 b6
27. Rxe7 Kf6 28. Re4 Rg8 0-1

[Event "Prague International Open"]
[Site "Prague CZE"]
[Date "2021.06.14"]
[Round "1.2"]
[White "Nasuta, Grzegorz"]
[Black "Mlynek, Petr"]
[Result "1-0"]
[WhiteTitle "GM"]
[WhiteElo "2512"]
[BlackElo "2053"]
[WhiteFideId "1141686"]
[BlackFideId "307670"]
[EventDate "2021.06.14"]

1. e4 c6 2. d4 d5 3. Nc3 dxe4 4. Nxe4 Nd7 5. Nf3 Ngf6 6. Nc3 e6 7. Bd3 c5 8. Be3
cxd4 9. Bxd4 Bc5 10. Qe2 O-O 11. O-O-O Bxd4 12. Nxd4 Nc5 13. Kb1 a6 14. Qe5 Nd5
15. Nxd5 Qxd5 16. Qxd5 exd5 17. c3 Bd7 18. Bc2 Rfe8 19. f3 g6 20. Rd2 Re5 21.
Rhd1 Rae8 22. Nb3 Nxb3 23. Bxb3 Bc6 24. Bxd5 Bxd5 25. Rxd5 Rxd5 26. Rxd5 Re2 27.
c4 Rxg2 28. Rd7 Rxh2 29. Rxb7 Rh4 30. b3 Rd4 31. c5 Rd8 32. Ra7 Rc8 33. b4 Rc6
34. Kc2 h5 35. Rd7 Kg7 36. Kc3 h4 37. Rd1 g5 38. Kc4 Rf6 39. a4 Rf4+ 40. Kd5
Rxb4 41. c6 Rb3 42. Rc1 Rd3+ 43. Kc5 Rd8 44. c7 Rc8 45. Kb6 f5 46. Kxa6 h3 47.
Kb7 1-0

[Event "Prague International Open"]
[Site "Prague CZE"]
[Date "2021.06.14"]
[Round "1.3"]
[White "Ocelak, Jakub"]
[Black "Greenfeld, Alon"]
[Result "0-1"]
[BlackTitle "GM"]
[WhiteElo "2043"]
[BlackElo "2507"]
[WhiteFideId "23707933"]
[BlackFideId "2800039"]
[EventDate "2021.06.14"]

1. d4 Nf6 2. Nf3 g6 3. Bg5 Bg7 4. Nbd2 O-O 5. c3 d6 6. e4 c5 7. dxc5 dxc5 8. Bc4
Nc6 9. Qe2 Qc7 10. O-O h6 11. Bxf6 exf6 12. Rfe1 Re8 13. Bd5 Bd7 14. a4 Re7 15.
Nc4 Rae8 16. Qd2 Nd8 17. a5 Ne6 18. Ra3 Rd8 19. Ne3 Bc6 20. Rd1 Kh7 21. g3 c4
22. Nd4 Ng5 23. Qc2 f5 24. Bxc6 bxc6 25. exf5 c5 26. Ne2 Rxd1+ 27. Qxd1 Rd7 28.
Nd5 Nh3+ 29. Kg2 Qb7 30. Kxh3 Rxd5 31. Qh1 Qd7 32. Nf4 Rxf5 33. Kg2 Qb7+ 34. Kg1
Qxb2 35. Ra4 Qc2 36. Qc6 Qxc3 37. a6 Bd4 0-1

[Event "Prague International Open"]
[Site "Prague CZE"]
[Date "2021.06.14"]
[Round "1.4"]
[White "Krzyzanowski, Marcin"]
[Black "Plesek, Jiri"]
[Result "1-0"]
[WhiteTitle "GM"]
[WhiteElo "2503"]
[BlackElo "2030"]
[WhiteFideId "1132199"]
[BlackFideId "305146"]
[EventDate "2021.06.14"]

1. e4 c6 2. Nc3 d5 3. Nf3 Nf6 4. e5 Ne4 5. Ne2 Qb6 6. d4 e6 7. Ng3 c5 8. Bd3 Nc6
9. Bxe4 dxe4 10. dxc5 Bxc5 11. Nxe4 Qb4+ 12. Nc3 O-O 13. O-O Rd8 14. Qe2 Nd4 15.
Nxd4 Bxd4 16. Nb5 Bd7 17. Nxd4 Qxd4 18. Bg5 Rdc8 19. Rad1 Qa4 20. b3 Qc6 21. c4
h6 22. Bh4 a5 23. a4 Be8 24. Qg4 Qc5 25. Bf6 Qf8 26. Rd3 Kh8 27. Bh4 Bc6 28.
Rfd1 Qc5 29. Qf4 f6 30. Bxf6 Kh7 31. Bxg7 1-0

[Event "Prague International Open"]
[Site "Prague CZE"]
[Date "2021.06.14"]
[Round "1.5"]
[White "Rudiano, Nicolas"]
[Black "Petr, Martin"]
[Result "0-1"]
[BlackTitle "GM"]
[WhiteElo "2029"]
[BlackElo "2489"]
[WhiteFideId "618926"]
[BlackFideId "318299"]
[EventDate "2021.06.14"]

1. e4 d5 2. exd5 Qxd5 3. Nc3 Qa5 4. d4 Nf6 5. Bc4 Bf5 6. Nf3 e6 7. Bd2 Bb4 8.
Qe2 O-O 9. O-O-O Nc6 10. a3 Bxa3 11. bxa3 Qxa3+ 12. Kb1 b5 13. Bd3 b4 14. Nb5
Bxd3 15. Qxd3 Qa5 16. Qc4 a6 17. Nxc7 Qxc7 18. Ne5 Rfc8 19. Nxc6 Qxc6 20. Qxc6
Rxc6 21. Kb2 Rac8 22. Rc1 Nd5 23. Kb3 Rc4 24. Rhd1 Rxd4 25. Ra1 h5 26. Be3 Rc3+
27. Kb2 Rxd1 28. Rxd1 Nxe3 29. fxe3 Rxe3 30. Ra1 Ra3 31. Rd1 g5 32. Rd7 Kg7 33.
Ra7 h4 34. Rb7 a5 35. Rb5 f5 36. Rb6 Kf6 37. Rb8 g4 38. Rh8 h3 39. g3 Kg7 40.
Re8 Rxg3 41. Rxe6 Rg2 42. Re5 Kf6 0-1

[Event "Prague International Open"]
[Site "Prague CZE"]
[Date "2021.06.14"]
[Round "1.6"]
[White "Blohberger, Felix"]
[Black "Slepov, Kyryl"]
[Result "1-0"]
[WhiteTitle "IM"]
[WhiteElo "2475"]
[BlackElo "2027"]
[WhiteFideId "1632051"]
[BlackFideId "378364"]
[EventDate "2021.06.14"]

1. Nf3 d5 2. g3 Nf6 3. Bg2 e6 4. O-O Be7 5. c4 O-O 6. b3 d4 7. e3 c5 8. exd4
cxd4 9. d3 Nc6 10. Re1 Nd7 11. Ba3 Re8 12. Nfd2 a5 13. Ne4 Nb4 14. f4 Qc7 15.
Bb2 Nc5 16. Nxc5 Bxc5 17. a3 Nc6 18. Nd2 e5 19. Ne4 Bf8 20. Qh5 h6 21. f5 Qb6
22. Bc1 Ne7 23. Rf1 Bd7 24. f6 g6 25. Qh4 Nf5 26. Rxf5 Bxf5 27. Bxh6 Bxe4 28.
Bxf8 Rxf8 29. Bxe4 Rfe8 30. g4 1-0

[Event "Prague International Open"]
[Site "Prague CZE"]
[Date "2021.06.14"]
[Round "1.7"]
[White "Szeko, Ludovit"]
[Black "Kraus, Tomas"]
[Result "0-1"]
[BlackTitle "IM"]
[WhiteElo "2025"]
[BlackElo "2466"]
[WhiteFideId "14913046"]
[BlackFideId "331708"]
[EventDate "2021.06.14"]

1. e4 d6 2. d4 Nf6 3. Nc3 e5 4. Nf3 Nbd7 5. h3 c6 6. a4 Be7 7. Bc4 O-O 8. O-O a5
9. dxe5 dxe5 10. Qe2 Qc7 11. Bg5 Nc5 12. Rfd1 Re8 13. Qe3 Ne6 14. Bxe6 Bxe6 15.
Ne2 h6 16. Bh4 Rad8 17. b3 b6 18. Ne1 Ng4 19. Qg3 Nf6 20. Qe3 Bc5 21. Qf3 Rxd1
22. Rxd1 Nd7 23. Nd3 Bf8 24. g4 b5 25. Nc3 b4 26. Ne2 c5 27. Nb2 c4 28. bxc4 Nb6
29. Bg3 Nxc4 30. Nxc4 Qxc4 31. Qd3 Qxd3 32. cxd3 Bb3 33. Rc1 Bxa4 34. Ra1 Bc2
35. Rxa5 b3 36. Bxe5 Rxe5 37. Rxe5 b2 0-1

[Event "Prague International Open"]
[Site "Prague CZE"]
[Date "2021.06.14"]
[Round "1.8"]
[White "Rasik, Vitezslav"]
[Black "Zauner, Christoph"]
[Result "1-0"]
[WhiteTitle "GM"]
[WhiteElo "2451"]
[BlackElo "2018"]
[WhiteFideId "300306"]
[BlackFideId "1623290"]
[EventDate "2021.06.14"]

1. e4 e6 2. d3 c5 3. Nf3 Nc6 4. g3 Nge7 5. Bg2 g6 6. O-O Bg7 7. c3 d5 8. Nbd2
O-O 9. Re1 e5 10. exd5 Nxd5 11. Nc4 Re8 12. Qb3 Nc7 13. Bg5 Qd7 14. a4 b6 15.
Nfd2 h6 16. Be3 Ba6 17. Rad1 Rad8 18. Nb1 Kh7 19. Nba3 Nd5 20. Bc1 f5 21. Nb5
Rf8 22. Qc2 Rde8 23. Bxd5 Bxb5 24. axb5 Qxd5 25. bxc6 f4 26. Qe2 b5 27. Nd2 f3
28. Qe4 1-0

[Event "Prague International Open"]
[Site "Prague CZE"]
[Date "2021.06.14"]
[Round "1.9"]
[White "Pacl, Vaclav"]
[Black "Neuman, Petr"]
[Result "0-1"]
[WhiteTitle "FM"]
[BlackTitle "GM"]
[WhiteElo "2015"]
[BlackElo "2394"]
[WhiteFideId "302031"]
[BlackFideId "305243"]
[EventDate "2021.06.14"]

1. d4 Nf6 2. Nf3 g6 3. Nbd2 Bg7 4. e4 d6 5. c3 O-O 6. Be2 Nfd7 7. Nc4 b6 8. O-O
Bb7 9. Qc2 e5 10. dxe5 dxe5 11. Rd1 Qe7 12. Ne3 Nf6 13. Nd5 Nxd5 14. exd5 Rd8
15. c4 c6 16. dxc6 Rxd1+ 17. Qxd1 Nxc6 18. Bg5 Qc7 19. Qd2 e4 20. Bf4 Qd8 21.
Ng5 Qxd2 22. Bxd2 Rd8 23. Be3 Nd4 24. Bd1 h6 25. Nh3 Nf5 26. Bf4 Bxb2 27. Rb1
Bg7 28. g4 Nh4 29. Be2 Nf3+ 30. Kg2 Nd4 31. Ng1 e3+ 32. Kf1 exf2 33. Kxf2 Nxe2
34. Nxe2 Rc8 35. Rd1 Ba6 36. Rd7 Rxc4 37. Rxa7 Ra4 0-1

[Event "Prague International Open"]
[Site "Prague CZE"]
[Date "2021.06.14"]
[Round "1.10"]
[White "Wachinger, Nikolas"]
[Black "Pavlicek, Lukas"]
[Result "1-0"]
[WhiteElo "2369"]
[BlackElo "2001"]
[WhiteFideId "12962791"]
[BlackFideId "373001"]
[EventDate "2021.06.14"]

1. e4 c5 2. Nf3 d6 3. Bb5+ Bd7 4. Bxd7+ Nxd7 5. O-O Ngf6 6. Qe2 a6 7. c3 e6 8.
d4 Be7 9. Nbd2 cxd4 10. cxd4 O-O 11. Rd1 Rc8 12. Nf1 Nb6 13. Bd2 Nc4 14. Bg5 d5
15. e5 Nd7 16. h4 h6 17. Bxe7 Qxe7 18. Rd3 Rc6 19. Ng3 Rfc8 20. Nh5 Nf8 21. g3
Nb6 22. b3 Rc2 23. Qe3 Qc7 24. Kg2 Rc1 25. Rxc1 Qxc1 26. Qe2 Nbd7 27. Rd1 Qc3
28. Nf4 Nb8 29. Nd3 Qa5 30. Rc1 Rxc1 31. Nxc1 Qc3 32. Nd3 Nfd7 33. h5 Nc6 34.
Qe3 a5 35. g4 Nb4 36. Nxb4 Qxe3 37. fxe3 axb4 38. Ne1 Nb8 39. Nd3 Nc6 40. Nc5
Na7 41. Kf3 Nb5 42. Nd3 Kf8 43. Nxb4 Ke7 44. a4 Nc3 45. Nd3 Kd7 46. Nc5+ Kc6 47.
a5 Nb5 48. g5 Nc7 49. gxh6 gxh6 50. e4 dxe4+ 51. Nxe4 Nd5 52. Nd6 Ne7 53. Ke4 1-0

[Event "Prague International Open"]
[Site "Prague CZE"]
[Date "2021.06.15"]
[Round "2.1"]
[White "Plat, Vojtech"]
[Black "Docekal, Jan"]
[Result "1-0"]
[WhiteTitle "GM"]
[WhiteElo "2521"]
[BlackElo "2238"]
[WhiteFideId "325740"]
[BlackFideId "320625"]
[EventDate "2021.06.14"]

1. Nf3 c5 2. e4 d6 3. d4 cxd4 4. Nxd4 Nf6 5. Nc3 a6 6. Be2 e6 7. O-O Be7 8. Be3
Bd7 9. f4 Nc6 10. Kh1 Qc7 11. Qe1 h5 12. Bf3 Ng4 13. Bg1 Bf6 14. Nxc6 Bxc6 15.
Nd5 Bxd5 16. exd5 e5 17. Qe4 O-O-O 18. f5 Bg5 19. f6 Bxf6 20. a4 Kb8 21. Ra3 Rc8
22. Qb4 Bd8 23. Rc3 Qd7 24. Rc6 a5 25. Qb3 f5 26. Ra6 e4 27. Be2 Ne5 28. Bb5 Qf7
29. Rxd6 f4 30. Re6 Qf5 31. Ba6 Rc7 32. Rb6 Qc8 33. Rxf4 Nd7 34. d6 Nxb6 35.
Qxb6 Rc5 36. Qxc5 Qxc5 37. Bxc5 bxa6 38. Rxe4 Kc8 39. Bd4 Rf8 40. Kg1 Kd7 41.
Bxg7 Rf5 42. Bd4 Kxd6 43. c4 Bg5 44. Re2 1-0

[Event "Prague International Open"]
[Site "Prague CZE"]
[Date "2021.06.15"]
[Round "2.2"]
[White "Pein, Jonathan"]
[Black "Nasuta, Grzegorz"]
[Result "0-1"]
[WhiteTitle "CM"]
[BlackTitle "GM"]
[WhiteElo "2239"]
[BlackElo "2512"]
[WhiteFideId "417092"]
[BlackFideId "1141686"]
[EventDate "2021.06.14"]

1. e4 c5 2. Nf3 Nc6 3. d4 cxd4 4. Nxd4 e5 5. Nf5 Nf6 6. Nc3 d5 7. exd5 Bxf5 8.
dxc6 Qxd1+ 9. Nxd1 bxc6 10. Ne3 Bg6 11. Bc4 Bc5 12. O-O O-O-O 13. Bb3 Ne4 14.
Nc4 f6 15. Be3 Bxe3 16. Nxe3 Kc7 17. Rfd1 Nc5 18. f3 a5 19. Kf1 Rxd1+ 20. Rxd1
Rb8 21. Ke2 a4 22. Bc4 Rxb2 23. Kd2 f5 24. a3 f4 25. Kc3 Rb8 26. Ng4 Re8 27. Re1
Nd7 28. g3 Rf8 29. gxf4 Rxf4 30. Nxe5 Nxe5 31. Rxe5 Rxf3+ 32. Bd3 Kd6 33. Ra5
Rh3 34. Rxa4 Bxd3 35. cxd3 Rxh2 36. Ra7 Rg2 37. a4 h5 38. a5 h4 39. a6 h3 40.
Ra8 h2 41. Rh8 Ra2 42. a7 Ke5 43. Rxh2 Rxa7 44. Rg2 Kf4 45. Rg6 Rc7 46. d4 Kf5
47. Rg1 g5 48. Kc4 g4 49. Kc5 Rd7 50. Rd1 Ke4 51. Re1+ Kd3 52. Rd1+ Ke2 53. Rg1
Rd5+ 54. Kxc6 Rxd4 55. Kc5 Ra4 56. Kd5 Kf2 57. Rb1 g3 58. Ke5 g2 59. Rb2+ Kg3
60. Rb3+ Kh2 0-1

[Event "Prague International Open"]
[Site "Prague CZE"]
[Date "2021.06.15"]
[Round "2.3"]
[White "Greenfeld, Alon"]
[Black "Dahl, Christoph"]
[Result "1-0"]
[WhiteTitle "GM"]
[WhiteElo "2507"]
[BlackElo "2212"]
[WhiteFideId "2800039"]
[BlackFideId "16240235"]
[EventDate "2021.06.14"]

1. d4 Nf6 2. c4 g6 3. g3 Bg7 4. Bg2 O-O 5. Nc3 d6 6. Nf3 Nbd7 7. O-O e5 8. e4 a6
9. Qc2 exd4 10. Nxd4 Re8 11. Rd1 Rb8 12. h3 Ne5 13. c5 Bd7 14. f4 Nc6 15. Nxc6
bxc6 16. cxd6 cxd6 17. Rxd6 Bf8 18. Rd3 Qb6+ 19. Kh2 Be6 20. b3 c5 21. Be3 Qb4
22. Rc1 Rbc8 23. Qd2 c4 24. Rd4 Bc5 25. f5 gxf5 26. Bh6 Kh8 27. exf5 Bxf5 28.
Rxc4 Qb6 29. Na4 Qd6 30. Rxc5 1-0

[Event "Prague International Open"]
[Site "Prague CZE"]
[Date "2021.06.15"]
[Round "2.4"]
[White "Nemec, Pavel"]
[Black "Krzyzanowski, Marcin"]
[Result "0-1"]
[WhiteTitle "FM"]
[BlackTitle "GM"]
[WhiteElo "2235"]
[BlackElo "2503"]
[WhiteFideId "301965"]
[BlackFideId "1132199"]
[EventDate "2021.06.14"]

1. e4 c6 2. d4 d5 3. Nc3 dxe4 4. Nxe4 Nf6 5. Nxf6+ exf6 6. Nf3 Bd6 7. Bd3 O-O 8.
O-O Bg4 9. h3 Bh5 10. g4 Bg6 11. Nh4 Bxd3 12. Qxd3 Re8 13. Nf5 Bf8 14. Bf4 Na6
15. Rfd1 Nb4 16. Qd2 Qd5 17. c3 Qf3 18. Bg3 Re2 19. Qf4 Qxf4 20. Bxf4 Nd5 21.
Bd2 g6 22. Ng3 Ree8 23. Re1 a5 24. Kf1 a4 25. Rxe8 Rxe8 26. Re1 Rd8 27. b3 b5
28. bxa4 bxa4 29. Rb1 Kg7 30. Rb7 c5 31. dxc5 Bxc5 32. Ne4 Ba3 33. c4 f5 34. Ng5
Ne7 35. Bc3+ Kg8 36. Bf6 Re8 37. Ra7 h6 38. Nf3 fxg4 39. hxg4 Nc6 40. Rxa4 Bc5
41. Ra6 Nb4 42. Ra5 Nd3 43. Nd4 Kh7 44. f3 g5 45. Nc2 h5 46. gxh5 Kh6 47. Bc3
Kxh5 48. Ne1 Nxe1 49. Bxe1 Rxe1+ 50. Kg2 Re2+ 51. Kf1 Re5 52. Rb5 Kh4 53. Kg2
Bd4 54. a4 Rxb5 55. cxb5 Bb6 0-1

[Event "Prague International Open"]
[Site "Prague CZE"]
[Date "2021.06.15"]
[Round "2.5"]
[White "Petr, Martin"]
[Black "Nemec, Jachym"]
[Result "1-0"]
[WhiteTitle "GM"]
[WhiteElo "2489"]
[BlackElo "2197"]
[WhiteFideId "318299"]
[BlackFideId "23716525"]
[EventDate "2021.06.14"]

1. c4 Nf6 2. Nc3 d5 3. cxd5 Nxd5 4. Nf3 g6 5. e4 Nb6 6. d4 Bg7 7. h3 O-O 8. Be2
Kh8 9. O-O f5 10. exf5 Bxf5 11. Qb3 Nc6 12. d5 Ne5 13. Nxe5 Bxe5 14. Bh6 Rg8 15.
Be3 Qd6 16. Rad1 a5 17. f4 Bg7 18. Nb5 Qd7 19. Nxc7 Qxc7 20. Bxb6 Qd6 21. Bd4
Rgc8 22. Bxg7+ Kxg7 23. Rd2 Rc7 24. Qe3 Rac8 25. Qe5+ Kf7 26. Qxd6 exd6 27. Kf2
Rc5 28. a3 b6 29. Re1 Rc2 30. Red1 R8c7 31. g4 Be4 32. Bf3 Bxf3 33. Kxf3 R2c4
34. Re1 Kg7 35. Re6 Rd7 36. f5 Rf7 37. Rxd6 gxf5 38. g5 Rh4 39. Kg3 Re4 40. Re6
Rxe6 41. dxe6 Re7 42. Re2 Re8 43. Kf4 1-0

[Event "Prague International Open"]
[Site "Prague CZE"]
[Date "2021.06.15"]
[Round "2.6"]
[White "Jurek, Josef"]
[Black "Blohberger, Felix"]
[Result "0-1"]
[WhiteTitle "IM"]
[BlackTitle "IM"]
[WhiteElo "2213"]
[BlackElo "2475"]
[WhiteFideId "300993"]
[BlackFideId "1632051"]
[EventDate "2021.06.14"]

1. Nf3 Nf6 2. g3 g6 3. c4 Bg7 4. Bg2 O-O 5. O-O d6 6. d4 Bf5 7. Nc3 Ne4 8. Nxe4
Bxe4 9. Be3 d5 10. c5 Nc6 11. Qd2 e5 12. Nxe5 Nxe5 13. dxe5 Bxg2 14. Kxg2 Bxe5
15. Rfd1 c6 16. Bd4 Bxd4 17. Qxd4 Re8 18. e3 Re4 19. Qxe4 dxe4 20. Rxd8+ Rxd8
21. Rc1 Rd2 22. Rc4 Rxb2 23. Rxe4 Rxa2 24. Rb4 Rc2 25. Rxb7 a5 26. Ra7 Rxc5 27.
e4 Rb5 28. f4 c5 29. g4 c4 30. Rc7 a4 31. Rxc4 Ra5 32. Rc2 a3 33. Ra2 Kf8 34.
Kf3 Ke7 35. Ke3 Kd6 36. Kd3 Kc5 37. g5 Kb4 38. Kc2 Kc4 39. e5 Ra4 40. Kb1 Kd3
41. Rg2 Ke3 42. Rg3+ Kxf4 43. Rh3 Kxg5 44. Rxh7 Re4 45. Rxf7 Rxe5 46. Rh7 Re4
47. Ra7 Re1+ 48. Ka2 Re2+ 49. Kb1 a2+ 50. Ka1 Rxh2 51. Ra5+ Kh6 52. Ra8 Rh1+ 53.
Kxa2 Rd1 54. Kb2 g5 55. Kc2 Rd5 0-1

[Event "Prague International Open"]
[Site "Prague CZE"]
[Date "2021.06.15"]
[Round "2.7"]
[White "Kraus, Tomas"]
[Black "Frank, Emanuel"]
[Result "1-0"]
[WhiteTitle "IM"]
[BlackTitle "FM"]
[WhiteElo "2466"]
[BlackElo "2182"]
[WhiteFideId "331708"]
[BlackFideId "1625624"]
[EventDate "2021.06.14"]

1. e4 e5 2. Nf3 Nc6 3. Bb5 a6 4. Ba4 Nf6 5. O-O Be7 6. Re1 b5 7. Bb3 d6 8. a4 b4
9. d4 Bg4 10. dxe5 Nxe5 11. Nbd2 O-O 12. h3 Bc8 13. Nxe5 dxe5 14. Qf3 Bc5 15.
Nc4 Qe7 16. Bg5 h6 17. Bh4 g5 18. Bg3 g4 19. Qe2 Nh5 20. Bxe5 g3 21. Rf1 Bxf2+
22. Rxf2 gxf2+ 23. Qxf2 Be6 24. Bd4 Qg5 25. Be3 Qg6 26. Qf3 Kh7 27. Kh2 f6 28.
Bc5 Rg8 29. Bxb4 Nf4 30. Ne3 Bxb3 31. Qxf4 Bxc2 32. Ng4 Bxe4 33. Qxe4 f5 34.
Qe7+ Rg7 35. Nf6+ Kh8 36. Qe2 Qxf6 37. Bc3 Qd6+ 38. Kh1 Rg8 39. Rf1 Qg6 40. Qf3
Rf8 41. Rc1 Rf7 42. b4 Kh7 43. Bxg7 Qxg7 44. a5 Qb2 45. Qf4 Rg7 46. Qxf5+ Kh8
47. Qf8+ Kh7 48. Qf5+ Kh8 49. Qf8+ Kh7 50. Rg1 Qc2 51. Qf3 Qc4 52. Qf5+ Kh8 53.
Re1 Qc6 54. Re4 Qc1+ 55. Kh2 Qc6 56. Qe6 Qd6+ 57. Qxd6 cxd6 58. Re6 Kh7 59. Rxd6
Rb7 60. Rb6 1-0

[Event "Prague International Open"]
[Site "Prague CZE"]
[Date "2021.06.15"]
[Round "2.8"]
[White "Ludvik, Tomas"]
[Black "Rasik, Vitezslav"]
[Result "0-1"]
[WhiteTitle "FM"]
[BlackTitle "GM"]
[WhiteElo "2203"]
[BlackElo "2451"]
[WhiteFideId "367664"]
[BlackFideId "300306"]
[EventDate "2021.06.14"]

1. e4 d6 2. d4 g6 3. Nc3 Bg7 4. Be3 c6 5. Qd2 b5 6. Bd3 Nd7 7. Nf3 a6 8. a4 Bb7
9. O-O Qc7 10. h3 Ngf6 11. b4 O-O 12. Rfb1 Rfe8 13. Bf4 e5 14. dxe5 dxe5 15. Be3
Bf8 16. Ne2 c5 17. bxc5 Nxe4 18. Bxe4 Bxe4 19. axb5 axb5 20. Rxa8 Bxa8 21. Nc3
Nxc5 22. Rxb5 Ne4 23. Nxe4 Bxe4 24. Nxe5 Rxe5 25. Bf4 Bd6 26. Bxe5 Bxe5 27. Qe3
Bh2+ 28. Kh1 Bc6 29. Rc5 Bd6 30. Rc3 Qa5 31. f4 Qa1+ 32. Kh2 Bxf4+ 0-1

[Event "Prague International Open"]
[Site "Prague CZE"]
[Date "2021.06.15"]
[Round "2.9"]
[White "Neuman, Petr"]
[Black "Pavlidou, Ekaterini"]
[Result "1-0"]
[WhiteTitle "GM"]
[BlackTitle "WIM"]
[WhiteElo "2394"]
[BlackElo "2157"]
[WhiteFideId "305243"]
[BlackFideId "4213262"]
[EventDate "2021.06.14"]

1. e4 c5 2. f4 Nc6 3. Nf3 g6 4. Bb5 Nd4 5. Nxd4 cxd4 6. O-O Bg7 7. d3 a6 8. Ba4
b5 9. Bb3 d6 10. Nd2 Nf6 11. Nf3 Nd7 12. f5 O-O 13. Ng5 Ne5 14. fxg6 hxg6 15.
Qe1 Bf6 16. Qh4 Bxg5 17. Bxg5 Ra7 18. Rf4 Be6 19. Qh6 Ng4 20. Rxg4 Bxg4 21.
Qxg6+ Kh8 22. Qh6+ Kg8 23. Rf1 d5 24. Rf4 Qc8 25. h3 1-0

[Event "Prague International Open"]
[Site "Prague CZE"]
[Date "2021.06.15"]
[Round "2.10"]
[White "Jedlicka, Ales"]
[Black "Wachinger, Nikolas"]
[Result "0-1"]
[WhiteTitle "FM"]
[WhiteElo "2195"]
[BlackElo "2369"]
[WhiteFideId "304824"]
[BlackFideId "12962791"]
[EventDate "2021.06.14"]

1. d4 Nf6 2. c4 e6 3. Nf3 Bb4+ 4. Bd2 c5 5. Bxb4 cxb4 6. g3 b6 7. Bg2 Bb7 8. O-O
O-O 9. a3 bxa3 10. Rxa3 a5 11. Nc3 d6 12. Ra1 Na6 13. Rc1 Nb4 14. Qd2 Qc7 15. b3
Ne4 16. Nxe4 Bxe4 17. Qf4 Bxf3 18. Bxf3 Rac8 19. Rfd1 f5 20. Qe3 Rf6 21. Bg2 e5
22. dxe5 dxe5 23. Rd2 Na6 24. Rd5 e4 25. Rcd1 Nc5 26. Qc3 f4 27. Re5 e3 28. fxe3
fxg3 29. hxg3 Rg6 30. e4 Nd7 31. Red5 Nf6 32. Re5 Ng4 33. Red5 Nf6 34. Re5 Rd8
35. Rd3 Rxd3 36. exd3 Nd7 37. Rf5 Qxg3 38. Qb2 Qxd3 39. Rd5 Qe3+ 40. Qf2 Qxf2+
41. Kxf2 Nc5 42. e5 Kf7 43. Rd8 Ke7 44. Ra8 Nd3+ 45. Ke3 Nxe5 46. Be4 Re6 47.
Bf5 Rh6 48. Kf4 Nc6 49. Rc8 Kd6 50. Be4 Rh4+ 51. Ke3 Rh3+ 52. Kf4 Nb4 53. Rb8
Kc5 54. Rb7 g6 55. Ke5 Nc6+ 56. Kf4 Nd4 57. Rc7+ Kd6 58. Rb7 Ne6+ 59. Kg4 Rxb3
60. Rxh7 Rc3 61. Rb7 Rxc4 0-1

[Event "Prague International Open"]
[Site "Prague CZE"]
[Date "2021.06.16"]
[Round "3.1"]
[White "Wachinger, Nikolas"]
[Black "Plat, Vojtech"]
[Result "0-1"]
[BlackTitle "GM"]
[WhiteElo "2369"]
[BlackElo "2521"]
[WhiteFideId "12962791"]
[BlackFideId "325740"]
[EventDate "2021.06.14"]

1. e4 e5 2. Nf3 Nc6 3. Bb5 a6 4. Ba4 g6 5. d4 exd4 6. Nxd4 Nge7 7. Bg5 Bg7 8.
Nxc6 bxc6 9. Nc3 Rb8 10. Bb3 h6 11. Be3 d5 12. Bd4 Bxd4 13. Qxd4 O-O 14. O-O-O
Be6 15. exd5 cxd5 16. Nxd5 Nxd5 17. Bxd5 Bxd5 18. Qxd5 Qf6 19. Qd4 Qg5+ 20. f4
Qxg2 21. Rhg1 Qh3 22. Qd5 Qe3+ 23. Qd2 Qe6 24. Qd5 Qf6 25. Qd4 Qf5 26. Rde1 Rfd8
27. Qe5 Rb5 28. Qxf5 Rxf5 29. Re4 Rd6 30. Rd1 Rdf6 31. Rdd4 Rh5 32. Re2 Rh4 33.
Rf2 Kg7 34. Kd2 g5 35. Ke3 Rh3+ 36. Ke4 gxf4 37. Rd5 Re3+ 38. Kd4 Re1 39. Rg2+
Kh7 40. Rf2 f3 41. Kd3 Rd1+ 42. Kc4 Rf4+ 43. Kc5 Rxd5+ 44. Kxd5 Kg6 45. c4 Kg5
46. c5 Rf6 0-1

[Event "Prague International Open"]
[Site "Prague CZE"]
[Date "2021.06.16"]
[Round "3.2"]
[White "Nasuta, Grzegorz"]
[Black "Neuman, Petr"]
[Result "1-0"]
[WhiteTitle "GM"]
[BlackTitle "GM"]
[WhiteElo "2512"]
[BlackElo "2394"]
[WhiteFideId "1141686"]
[BlackFideId "305243"]
[EventDate "2021.06.14"]

1. e4 c6 2. d4 d5 3. e5 c5 4. dxc5 e6 5. a3 Bxc5 6. Qg4 Ne7 7. Nf3 O-O 8. Bd3
Ng6 9. O-O Nc6 10. Qh5 Qc7 11. Nc3 a6 12. Ne2 Bd7 13. Nf4 Be8 14. Ng5 h6 15.
Bxg6 fxg6 16. Ngxe6 Qe7 17. Qd1 Rf5 18. Nxc5 Qxc5 19. Qxd5+ Qxd5 20. Nxd5 Rxe5
21. Nc7 Rc8 22. Nxe8 Rexe8 23. Be3 Ne5 24. Bd4 Nc6 25. Bc3 Re2 26. Rac1 b5 27.
Rfd1 a5 28. Rd7 b4 29. axb4 axb4 30. Kf1 bxc3 31. Kxe2 cxb2 32. Rb1 Ne5 33. Rd5
Rxc2+ 34. Kd1 Rc1+ 35. Rxc1 bxc1=Q+ 36. Kxc1 Ng4 37. Rd8+ Kh7 38. f3 Ne3 39. Rd2
g5 40. Re2 Nf5 41. Kd2 Kg6 42. Kd3 Kf6 43. Ke4 Ne7 44. Ra2 Ke6 45. Ra6+ Kf7 46.
g3 Ng8 47. Ke5 1-0

[Event "Prague International Open"]
[Site "Prague CZE"]
[Date "2021.06.16"]
[Round "3.3"]
[White "Finek, Vaclav"]
[Black "Greenfeld, Alon"]
[Result "1/2-1/2"]
[WhiteTitle "FM"]
[BlackTitle "GM"]
[WhiteElo "2359"]
[BlackElo "2507"]
[WhiteFideId "23718293"]
[BlackFideId "2800039"]
[EventDate "2021.06.14"]

1. Nf3 Nf6 2. c4 g6 3. g3 Bg7 4. Bg2 O-O 5. O-O d6 6. d4 Nbd7 7. Nc3 e5 8. e4
exd4 9. Nxd4 Re8 10. h3 Nc5 11. Re1 Bd7 12. Bf4 h6 13. Qc2 Nfxe4 14. Nxe4 Bxd4
15. Qd2 Rxe4 16. Rxe4 Nxe4 17. Qxd4 Ng5 18. Bd2 Ne6 19. Qc3 c5 20. Bxh6 Nd4 21.
Re1 Qf6 22. Bd2 Bc6 23. Qd3 Nf3+ 24. Bxf3 Qxf3 25. Qxf3 Bxf3 26. Bc3 Bc6 27. Bf6
Re8 28. Rxe8+ Bxe8 29. Be7 Bd7 30. Bxd6 Bxh3 31. Bxc5 a6 32. Bd4 Kf8 33. f3 Be6
34. b3 Bf5 35. c5 Ke7 36. Kf2 Bb1 37. a3 1/2-1/2